000 00501nam a2200169Ia 4500
999 _c36503
_d36503
003 OSt
005 20210122115004.0
008 190216s9999||||xx |||||||||||||| ||und||
040 _coclc
082 _a001
_bTHO/G
100 _aThorpe, Edgar
_96395
245 0 _aGeneral Knowledge Manual /
_cEdgar Thorpe ; Showick Thorpe
260 _bWheeler Publications,
_c1998.
_aNew Delhi:
300 _a864p
650 _aGeneral Collections
942 _cREF
_2ddc
_h001
_iTHO/G
_k001
_mTHO/G